LEADER 02282oam 2200517zu 450 001 9910376169403321 005 20210807002158.0 035 $a(CKB)3170000000003497 035 $a(SSID)ssj0001139244 035 $a(PQKBManifestationID)11617372 035 $a(PQKBTitleCode)TC0001139244 035 $a(PQKBWorkID)11183916 035 $a(PQKB)11549121 035 $a(WaSeSS)IndRDA00016067 035 $a(PPN)134616251 035 $a(Association for Computing Machinery)10.1145/1383422 035 $a(EXLCZ)993170000000003497 100 $a20160829d2008 uy 101 0 $aeng 135 $aur||||||||||| 181 $ctxt 182 $cc 183 $acr 200 10$aHPDC 2008 : compilation proceedings of the International Symposium on High Performance Distributed Computing & co-Located Workshops CLADE '08, DADC '08, & UPGRADE-CN'08 : Boston, MA, USA, June 23-27, 2008 210 31$a[Place of publication not identified]$cACM$d2008 215 $a1 online resource (242 pages) 225 1 $aACM Conferences 300 $aBibliographic Level Mode of Issuance: Monograph 311 $a1-59593-997-0 410 0$aACM Conferences 517 1 $aHigh Performance Distributed Computing 2008 :$ecompilation proceedings of the International Symposium on High Performance Distributed Computing and co-Located Workshops CLADE '08, DADC '08, & UPGRADE-CN'08 : Boston, Massachusetts, United States of America, June 23-27, 2008 517 1 $aProceedings of the 17th International Symposium on High Performance Distributed Computing 517 1 $aHPDC '08 517 1 $aInternational Symposium on High Performance Distributed Computing, Boston, MA, USA - June 23 - 27, 2008 606 $aEngineering & Applied Sciences$2HILCC 606 $aComputer Science$2HILCC 615 7$aEngineering & Applied Sciences 615 7$aComputer Science 700 $aParashar$b Manish$0523302 712 02$aSigarch, 712 02$aUniversity of Arizona, 801 0$bPQKB 906 $aBOOK 912 $a9910376169403321 996 $aHPDC 2008 : compilation proceedings of the International Symposium on High Performance Distributed Computing & co-Located Workshops CLADE '08, DADC '08, & UPGRADE-CN'08 : Boston, MA, USA, June 23-27, 2008$92043118 997 $aUNINA